000 02866cam a2200385 4500500
005 20260329011144.0
041 _afre
042 _adc
100 1 0 _aOlivet, Fabrice
_eauthor
245 0 0 _aPour ou contre la drogue, 50 ans de paradoxe français
260 _c2026.
500 _a91
520 _aDepuis 1970, les politiques de drogues en France se déclinent dans l’espace public en « pour ou contre la drogue » malgré la gêne que suscite cette formulation chez les professionnels. La majorité des spécialistes voudraient que l’usage de psychotropes soit évacué de ce questionnement embarrassant mais plus ils tentent d’échapper au débat moral, plus celui-ci revient en empruntant ces chemins de traverse que sont la lutte contre le sida, la dénonciation du « narcotrafic » ou l’usage thérapeutique des substances. Mais la question morale est peut-être au cœur d’un « french paradox », dissimulé derrière le masque hypocrite de la science ou de la loi. « La drogue », est-ce que c’est mal ou est-ce que c’est bien ? Cette question n’a pas fini de tarauder nos tentatives de rationaliser un débat qui est à la fois un objet politique, un enjeu de santé publique mais aussi une manière de se présenter au monde.
520 _aSince 1970, drug policies in France have been framed in the public sphere as “for or against drugs,” despite the discomfort this formulation causes among professionals. Most specialists would like to see the use of psychotropic drugs removed from this awkward framing, but the more they try to escape the moral debate, the more it returns, taking detours via the fight against AIDS, the condemnation of drug trafficking, or the therapeutic use of substances. But perhaps the moral question lies at the heart of a “French paradox,” hidden behind the hypocritical mask of science or the law. Are drugs bad or are they good? This question continues to plague our attempts to rationalize a debate that is at once a political issue, a public health concern, and a way of presenting ourselves to the world.
690 _adiscrimination
690 _aliberté individuelle
690 _alutte contre le sida
690 _amédicalisation
690 _anon-jugement
690 _apolitiques de drogues
690 _aprohibition
690 _apsychanalyse
690 _aréduction des risques
690 _adiscrimination
690 _adrug policies
690 _aharm reduction
690 _aindividual freedom
690 _amedicalization
690 _anon-judgment
690 _aprohibition
690 _apsychoanalysis
690 _athe fight against AIDS
786 0 _nPsychotropes | 32 | 1-2 | 2026-03-16 | p. 211-222 | 1245-2092
856 4 1 _uhttps://shs.cairn.info/revue-psychotropes-2026-1-2-page-211?lang=fr&redirect-ssocas=7080
999 _c1859127
_d1859127